000 02050nam a2200265 i 4500
005 20260216150554.0
008 260216s2025 my ao gr 000 0deng d
020 _a9789672639015
_cRM50.00
_qpaperback
040 _aPPAK
_beng
_cPPAK
_erda
082 0 4 _223
_a388.47209595
090 0 0 _a388.47209595
_bVIN
_dG
100 1 _aVincent, L. A.,
_d1950-
_eauthor.
_q(Louis Anthony),
245 1 0 _aTales From Malayan Rails /
_cL. A. Vincent
264 1 _aRawang, Selangor :
_bLouis Anthony Vincent,
_c2025
300 _aviii, 436 pages :
_billustrations, photographs ;
_c20 cm
336 _atext
_2rdacontent
337 _aunmediated
_2rdamedia
338 _avolume
_2rdacarrier
520 _aIn days gone by, many would have made long-distance rail travels. Some were going back to boarding schools, other to collage campuses and some were part of the crazy balek kampong rides. In crowded trains, we just stood at the coaches open-end balconies, smoking or telling tales. My earliest train-trip memory was just at KL station, sitting in the coach, wondering where everyone was bound for when the coach window decided to drop on my hand! As the years went by, I accumulated more and more railway memories. For a railway child, there was romance in all-things railway: the people and their behaviour, the language and the games played. Along the way, many railways anecdotes dropped onto my lap. Not many know that our passenger trains had some petty glamorous names. There was the Sappo Express, PnO Mail, Northen Star, Southern Cross, Tren Sombong and Sodthy Express. A lively discussion will ensue when asked where the best food cam from on train travels. Was it from the breakdown train's kitchen ot the mail train's buffet car? And there were scores of other railway stories from my years as a railway-man.
650 1 0 _aRailroads
_zMalaysia
_xHistory
650 2 0 _aRailroad travel
_zMalaysia
650 2 0 _aRailroads, Local and light
_zMalaysia
650 2 0 _aTransportation
_zMalaysia
942 _2ddc
_cB
999 _c203137
_d203137